|
|
|
|
| LEADER |
00000cam a2200000 7i4500 |
| 001 |
0000001541 |
| 005 |
20010731.0 |
| 090 |
0 |
0 |
|a 333.7515
|b WOM 1989
|
| 245 |
0 |
0 |
|a WOMEN in community forestry :
|b a field guide for project design and implementation
|
| 260 |
0 |
0 |
|a Rome :
|b Food and Agriculture Organization of the United Nations ,
|c 1989
|
| 300 |
|
|
|a iv, 45 p. :
|b ill. ;
|c 21 cm.
|
| 500 |
0 |
0 |
|a Bibliography : p. 44-45
|
| 650 |
0 |
0 |
|a Women in forestry
|
| 710 |
1 |
1 |
|a Food and Agriculture Organization of the United Nations (FAO)
|
| 998 |
|
|
|a JPSM
|
| 999 |
|
|
|a 0000003183
|b Monograph
|c Open Shelf
|e Default branch
|